| 000 | 00531nam a2200193 a 4500 | ||
|---|---|---|---|
| 005 | 20140310183556.0 | ||
| 008 | 111112s19uu xx 00 eng d | ||
| 020 | _a9788131306529 | ||
| 050 |
_aHD 30.28 _b.K96 2009 |
||
| 100 | _aKumar, Rajendra | ||
| 245 |
_aStrategic management / _cRajendra Kumar. |
||
| 260 |
_aIndia : _bAPH Publishing Corporation, _c2009. |
||
| 300 |
_a352 p. : _c21 cm. |
||
| 521 | _aBSBA | ||
| 650 | _aStrategic management | ||
| 650 | _aManagement concepts | ||
| 942 |
_cBK _2lcc _kFOR |
||
| 999 |
_c25034 _d25034 |
||